000 01088naa a22002777a 4500
001 BR7904968
003 BR-BrBNA
005 20250716090239.0
007 ta
008 250630b bl.|||m| |||| 00| 0 por d
040 _aBR-BrBNA
_bpor
_cBiblioteca Nacional de Agricultura
041 _a(Pt)
072 _aL60
_b8400
_bG514
090 _aL60 BR7904968
100 1 _aRios, E. de C.
111 1 _a5. Encontro dos Malacologistas Brasileiros
_cMossoro, RN (Brazil)
_d14 Jul 1977
245 1 _aExemplares-Tipo de moluscos depositados no Museu Oceanografico de Rio Grande [Taxonomia animal; Rio Grande do Norte; Brasil]
500 _aAnais do 5. Encontro dos Malacologistas Brasileiros Porto Alegre, RS (Brasil): 1979. p. 113-117 (BR7904968-AMS)
773 0 _tAnais do 5. Encontro dos Malacologistas Brasileiros
_wL60 BR7904968
_gPorto Alegre, RS (Brasil), 1979. p. 113-117
650 _aTaxonomia animal
650 _aMolusco
650 _aRio Grande do Norte
490 _aPublicacoes Avulsas FZB (Brazil)
_vno. 4
942 _cAMS
_2AGRIS
909 _a202506
_bLúcia
_c55
_dLúcia Elande
999 _c333442
_d333442